Problématique de l'éclairage public dans la commune de Cotonou: Quelle alternative (Record no. 48721)

MARC details
000 -LEADER
fixed length control field 00545nam a22001817a 4500
003 - CONTROL NUMBER IDENTIFIER
control field 0
005 - DATE AND TIME OF LATEST TRANSACTION
control field 20160609170322.0
008 - FIXED-LENGTH DATA ELEMENTS--GENERAL INFORMATION
fixed length control field 101223t xxu||||| |||| 00| 0 eng d
040 ## - SOURCE DU CATALOGAGE
Original cataloging agency BUAC
Transcribing agency BEPAC
100 ## - VEDETTE PRINCIPALE - NOM DE PERSONNE
Personal name Gbaguidi, Thomas Prosperson
9 (RLIN) 13066
130 ## - VEDETTE PRINCIPALE - TITRE UNIFORME
Language of a work fr
9 (RLIN) 13067
245 ## - TITLE STATEMENT
Title Problématique de l'éclairage public dans la commune de Cotonou: Quelle alternative
260 ## - PUBLICATION, DISTRIBUTION, ETC. (IMPRINT)
Place of publication, distribution, etc Abomey-Calavi
Name of publisher, distributor, etc EPAC-CAP
Date of publication, distribution, etc 2007
300 ## - PHYSICAL DESCRIPTION
Extent 46p.
650 ## - SUBJECT ADDED ENTRY--TOPICAL TERM
Topical term or geographic name as entry element ECLAIRAGE
Topical term following geographic name as entry element COMMUNE DE COTONOU
9 (RLIN) 13068
700 ## - ADDED ENTRY--PERSONAL NAME
Personal name Dubogan, Marc-Didier
9 (RLIN) 13069
942 ## - ADDED ENTRY ELEMENTS (KOHA)
Koha item type Thèse et Memoire
Holdings
Withdrawn status Lost status Damaged status Not for loan Location (home branch) Sublocation or collection (holding branch) Date acquired Source of acquisition Koha issues (times borrowed) Koha full call number Piece designation (barcode) Koha date last seen Copy number Price effective from Koha item type
        Bibliothèque Ecole Polytechnique d'Abomey-Calavi Bibliothèque Ecole Polytechnique d'Abomey-Calavi 23/12/2010 Dépot légal   26.TIM/GBA R16446EPAC 23/12/2010 1 23/12/2010 Thèse et Memoire
        Bibliothèque Ecole Polytechnique d'Abomey-Calavi Bibliothèque Ecole Polytechnique d'Abomey-Calavi 23/12/2010 Dépot légal   26.TIM/GBA R16447EPAC 23/12/2010 2 23/12/2010 Thèse et Memoire


© 2008, Bibliothèques de l'Université d'Abomey-Calavi

04 BP 789 Cotonou, Tél. : +229 21 36 01 01, Fax : +229 21 35 06 32

Courriel : bu@bu.uac.bj